Govt. of
Madhya Pradesh

Peasant Movement In Karnataka 19809̜4 (Record no. 14788)

MARC details
000 -LEADER
fixed length control field 005000000a22001930004500
001 - CONTROL NUMBER
control field 002880
003 - CONTROL NUMBER IDENTIFIER
control field MACL
005 - DATE AND TIME OF LATEST TRANSACTION
control field 20150715141212.0
008 - FIXED-LENGTH DATA ELEMENTS--GENERAL INFORMATION
fixed length control field 150715b xxu||||| |||| 00| 0 eng d
040 ## - CATALOGING SOURCE
Original cataloging agency MACL
Transcribing agency MACL
041 ## - LANGUAGE CODE
Language code of text/sound track or separate title English
082 ## - DEWEY DECIMAL CLASSIFICATION NUMBER
Classification number 324/ASS
100 ## - MAIN ENTRY--PERSONAL NAME
Personal name Assadi, Muzaffar H
9 (RLIN) 2196
245 ## - TITLE STATEMENT
Title Peasant Movement In Karnataka 19809̜4
Statement of responsibility, etc. Muzaffar H Assadi
260 ## - PUBLICATION, DISTRIBUTION, ETC. (IMPRINT)
Place of publication, distribution, etc. Delhi
Date of publication, distribution, etc. 1997
Name of publisher, distributor, etc. Shipra Publications,
350 ## - PRICE (NR) (BK AM CF MU VM SE) [OBSOLETE]
Price 480
650 ## - SUBJECT ADDED ENTRY--TOPICAL TERM
Topical term or geographic name as entry element Political Science
9 (RLIN) 88
942 ## - ADDED ENTRY ELEMENTS (KOHA)
Call number prefix 324
Koha item type Books
Source of classification or shelving scheme
Holdings
Withdrawn status Lost status Source of classification or shelving scheme Damaged status Not for loan Home library Current library Date acquired Cost, normal purchase price Total Checkouts Full call number Barcode Date last seen Uniform Resource Identifier Price effective from Koha item type
          MACL MACL 15/04/2015 480.00   324/ASS CRE010997 02/05/2024 14675 15/04/2015 Books